| 000 | 00433nam a2200169 a 4500 | ||
|---|---|---|---|
| 001 | 8260 | ||
| 005 | 20180713192200.0 | ||
| 008 | 140415s1970 mx 000 0 spa d | ||
| 041 | _aspa | ||
| 082 |
_a363.8 _bALI |
||
| 100 | 1 | _aLOWENBERG, MIRIAM E. | |
| 245 | 1 | 4 | _aLOS ALIMENTOS Y EL HOMBRE |
| 250 | _a1a ed. | ||
| 260 |
_aMEXICO : _bED. LIMUSA, _c1970 |
||
| 300 | _a347 | ||
| 650 | 1 | 4 |
_aALIMENTOS _xHABITOS _xNUTRICION |
| 999 |
_c8260 _d8260 |
||